<?xml version="1.0" encoding="UTF-8"?>
<record
    xmlns:xsi="http://www.w3.org/2001/XMLSchema-instance"
    xsi:schemaLocation="http://www.loc.gov/MARC21/slim http://www.loc.gov/standards/marcxml/schema/MARC21slim.xsd"
    xmlns="http://www.loc.gov/MARC21/slim">

  <leader>00657nam a22001577a 4500</leader>
  <controlfield tag="003">OSt</controlfield>
  <controlfield tag="005">20161125143350.0</controlfield>
  <controlfield tag="008">161125b        xxu||||| |||| 00| 0 eng d</controlfield>
  <datafield tag="040" ind1=" " ind2=" ">
    <subfield code="c">RUA</subfield>
  </datafield>
  <datafield tag="082" ind1=" " ind2=" ">
    <subfield code="a">AGR KEY 2015 B538 Or.</subfield>
  </datafield>
  <datafield tag="100" ind1=" " ind2=" ">
    <subfield code="9">11368</subfield>
    <subfield code="a">KRY SREYROTH;&#x200B; &#x1783;&#x17B8; &#x179F;&#x17D2;&#x179A;&#x17B8;&#x179A;&#x178F;&#x17D2;&#x1793;&#x17D0;</subfield>
  </datafield>
  <datafield tag="245" ind1=" " ind2=" ">
    <subfield code="a">Effect of urea utilization on celery cabbage; &#x17A5;&#x1791;&#x17D2;&#x1792;&#x17B7;&#x1796;&#x179B;&#x1793;&#x17C3;&#x1780;&#x17B6;&#x179A;&#x1794;&#x17D2;&#x179A;&#x17BE;&#x1794;&#x17D2;&#x179A;&#x17B6;&#x179F;&#x17CB;&#x1787;&#x17B8;&#x17A2;&#x17CA;&#x17BB;&#x1799;&#x179A;&#x17CB;&#x17C1;&#x179B;&#x17BE;&#x178A;&#x17BB;&#x17C7;&#x179B;&#x17BC;&#x178F;&#x179B;&#x17B6;&#x179F;&#x17CB;&#x1793;&#x17B7;&#x1784;&#x200B;&#x1791;&#x17B7;&#x1793;&#x17D2;&#x1793;&#x1795;&#x179B;&#x178A;&#x17C6;&#x178E;&#x17B6;&#x17C6;&#x179F;&#x17D2;&#x1796;&#x17C3;&#x1785;&#x1784;&#x17D2;&#x1780;&#x17B9;&#x17C7;</subfield>
  </datafield>
  <datafield tag="260" ind1=" " ind2=" ">
    <subfield code="a">Phnom Penh</subfield>
    <subfield code="b">RUA</subfield>
    <subfield code="c">2015</subfield>
  </datafield>
  <datafield tag="300" ind1=" " ind2=" ">
    <subfield code="a">xi; 41p;</subfield>
    <subfield code="b">ill;</subfield>
    <subfield code="c">29cm;</subfield>
  </datafield>
  <datafield tag="942" ind1=" " ind2=" ">
    <subfield code="2">ddc</subfield>
    <subfield code="c">AGR</subfield>
  </datafield>
  <datafield tag="999" ind1=" " ind2=" ">
    <subfield code="c">10930</subfield>
    <subfield code="d">10930</subfield>
  </datafield>
  <datafield tag="952" ind1=" " ind2=" ">
    <subfield code="0">0</subfield>
    <subfield code="1">0</subfield>
    <subfield code="2">ddc</subfield>
    <subfield code="4">0</subfield>
    <subfield code="6">AGR_KEY_2015_000000000000000_B538_OR_1</subfield>
    <subfield code="7">0</subfield>
    <subfield code="9">57578</subfield>
    <subfield code="a">LBB</subfield>
    <subfield code="b">LBB</subfield>
    <subfield code="c">B538</subfield>
    <subfield code="d">2016-11-25</subfield>
    <subfield code="l">4</subfield>
    <subfield code="o">AGR KEY 2015 B538 Or.1</subfield>
    <subfield code="p">A05153</subfield>
    <subfield code="r">2024-07-05</subfield>
    <subfield code="s">2024-06-20</subfield>
    <subfield code="w">2016-11-25</subfield>
    <subfield code="y">AGR</subfield>
  </datafield>
  <datafield tag="952" ind1=" " ind2=" ">
    <subfield code="0">0</subfield>
    <subfield code="1">0</subfield>
    <subfield code="2">ddc</subfield>
    <subfield code="4">0</subfield>
    <subfield code="6">AGR_KEY_2015_000000000000000_B538_OR_2</subfield>
    <subfield code="7">0</subfield>
    <subfield code="9">57579</subfield>
    <subfield code="a">LBB</subfield>
    <subfield code="b">LBB</subfield>
    <subfield code="c">B538</subfield>
    <subfield code="d">2016-11-25</subfield>
    <subfield code="o">AGR KEY 2015 B538 Or.2</subfield>
    <subfield code="p">A05225</subfield>
    <subfield code="r">2016-11-25</subfield>
    <subfield code="w">2016-11-25</subfield>
    <subfield code="y">AGR</subfield>
  </datafield>
  <datafield tag="952" ind1=" " ind2=" ">
    <subfield code="0">0</subfield>
    <subfield code="1">0</subfield>
    <subfield code="2">ddc</subfield>
    <subfield code="4">0</subfield>
    <subfield code="6">AGR_KEY_2015_000000000000000_B538_OR_3</subfield>
    <subfield code="7">0</subfield>
    <subfield code="9">57580</subfield>
    <subfield code="a">LBB</subfield>
    <subfield code="b">LBB</subfield>
    <subfield code="c">B538</subfield>
    <subfield code="d">2016-11-25</subfield>
    <subfield code="o">AGR KEY 2015 B538 Or.3</subfield>
    <subfield code="p">A05150</subfield>
    <subfield code="r">2016-11-25</subfield>
    <subfield code="w">2016-11-25</subfield>
    <subfield code="y">AGR</subfield>
  </datafield>
  <datafield tag="952" ind1=" " ind2=" ">
    <subfield code="0">0</subfield>
    <subfield code="1">0</subfield>
    <subfield code="2">ddc</subfield>
    <subfield code="4">0</subfield>
    <subfield code="6">AGR_KEY_2015_000000000000000_B538_OR_4</subfield>
    <subfield code="7">0</subfield>
    <subfield code="9">57581</subfield>
    <subfield code="a">LBB</subfield>
    <subfield code="b">LBB</subfield>
    <subfield code="c">B538</subfield>
    <subfield code="d">2016-11-25</subfield>
    <subfield code="o">AGR KEY 2015 B538 Or.4</subfield>
    <subfield code="p">A05075</subfield>
    <subfield code="r">2016-11-25</subfield>
    <subfield code="w">2016-11-25</subfield>
    <subfield code="y">AGR</subfield>
  </datafield>
  <datafield tag="952" ind1=" " ind2=" ">
    <subfield code="0">0</subfield>
    <subfield code="1">0</subfield>
    <subfield code="2">ddc</subfield>
    <subfield code="4">0</subfield>
    <subfield code="6">AGR_KEY_2015_000000000000000_B538_OR_5</subfield>
    <subfield code="7">0</subfield>
    <subfield code="9">57582</subfield>
    <subfield code="a">LBB</subfield>
    <subfield code="b">LBB</subfield>
    <subfield code="c">B538</subfield>
    <subfield code="d">2016-11-25</subfield>
    <subfield code="o">AGR KEY 2015 B538 Or.5</subfield>
    <subfield code="p">A05000</subfield>
    <subfield code="r">2016-11-25</subfield>
    <subfield code="w">2016-11-25</subfield>
    <subfield code="y">AGR</subfield>
  </datafield>
  <datafield tag="952" ind1=" " ind2=" ">
    <subfield code="0">0</subfield>
    <subfield code="1">0</subfield>
    <subfield code="2">ddc</subfield>
    <subfield code="4">0</subfield>
    <subfield code="6">AGR_KEY_2015_000000000000000_B538_OR_6</subfield>
    <subfield code="7">0</subfield>
    <subfield code="9">57583</subfield>
    <subfield code="a">LBB</subfield>
    <subfield code="b">LBB</subfield>
    <subfield code="c">B538</subfield>
    <subfield code="d">2016-11-25</subfield>
    <subfield code="l">1</subfield>
    <subfield code="o">AGR KEY 2015 B538 Or.6</subfield>
    <subfield code="p">A04925</subfield>
    <subfield code="r">2018-03-06</subfield>
    <subfield code="s">2018-02-12</subfield>
    <subfield code="w">2016-11-25</subfield>
    <subfield code="y">AGR</subfield>
  </datafield>
  <datafield tag="952" ind1=" " ind2=" ">
    <subfield code="0">0</subfield>
    <subfield code="1">0</subfield>
    <subfield code="2">ddc</subfield>
    <subfield code="4">0</subfield>
    <subfield code="6">AGR_KEY_2015_000000000000000_B538_OR7</subfield>
    <subfield code="7">0</subfield>
    <subfield code="9">57584</subfield>
    <subfield code="a">LBB</subfield>
    <subfield code="b">LBB</subfield>
    <subfield code="c">B538</subfield>
    <subfield code="d">2016-11-25</subfield>
    <subfield code="l">1</subfield>
    <subfield code="o">AGR KEY 2015 B538 Or7</subfield>
    <subfield code="p">A05295</subfield>
    <subfield code="r">2020-08-26</subfield>
    <subfield code="s">2020-08-03</subfield>
    <subfield code="w">2016-11-25</subfield>
    <subfield code="y">AGR</subfield>
  </datafield>
  <datafield tag="952" ind1=" " ind2=" ">
    <subfield code="0">0</subfield>
    <subfield code="1">0</subfield>
    <subfield code="2">ddc</subfield>
    <subfield code="4">0</subfield>
    <subfield code="6">AGR_KEY_2015_000000000000000_B538_OR_8</subfield>
    <subfield code="7">0</subfield>
    <subfield code="9">57585</subfield>
    <subfield code="a">LBB</subfield>
    <subfield code="b">LBB</subfield>
    <subfield code="c">B538</subfield>
    <subfield code="d">2016-11-25</subfield>
    <subfield code="l">1</subfield>
    <subfield code="o">AGR KEY 2015 B538 Or.8</subfield>
    <subfield code="p">A05228</subfield>
    <subfield code="r">2017-02-07</subfield>
    <subfield code="s">2017-01-25</subfield>
    <subfield code="w">2016-11-25</subfield>
    <subfield code="y">AGR</subfield>
  </datafield>
</record>
